000 00287nam a2200109Ia 4500
008 200302s9999 xx 000 0 und d
100 _aHiro Kishikawa
245 _aGreat Hotels of the World : Vol 5 Hotel Restaurant
260 _bKawade Shobo shinsha
260 _c1992
300 _a191 P.,
999 _c1028
_d1028